Detalles MARC
| 000 -LIDER |
| fixed length control field |
01466nam a2200265 a 4500 |
| 001 - NÚMERO DE CONTROL |
| Identificador de número de control |
|
| 003 - IDENTIFICACDOR DE NÚMERO DE CONTROL |
| control field |
DO-SdBNP |
| 005 - DATE AND TIME OF LATEST TRANSACTION |
| control field |
20220325083204.0 |
| 008 - ELEMENTOS DE LONGITUD FIJA |
| fixed length control field |
190124s2016 dr a r 000 0 spa d |
| 020 ## - ISBN |
| International Standard Book Number |
9789945167672 |
| 040 ## - FUENTE DE CATALOGACIÓN |
| Agencia que crea de manera original el registro |
DO-SdBNP |
| Idioma de catalogación |
spa |
| Agencia que realiza la transcripción |
BPMSU |
| 082 ## - NÚMERO DE CLASIFICACIÓN DECIMAL DE DEWEY |
| Classification number |
923.297293 |
| Item number |
P426P 2016 |
| Edition number |
22 |
| 100 1# - ASIENTO PRINCIPAL -- NOMBRE PERSONAL |
| Nombre personal |
Peralta Michel, José |
| Fechas asociadas con el nombre |
1941-1963 |
| 245 10 - MENCIÓN DE TITULO |
| Título |
Alfredo Peralta Michel : |
| Subtítulo |
mártir de Las Manaclas / |
| Mención de responsabilidad |
José Peralta Michel; prólogo Frank Moya Pons |
| 260 ## - PUBLICACIÓN, DISTRIBUCIÓN, ETC. (PIE DE IMPRENTA) |
| Lugar de publicación, distribución, etc |
Santo Domingo : |
| Nombre del editor, distribuidor, etc. |
Búho, |
| Fecha de publicación, distribución, etc |
2016. |
| 300 ## - DESCRIPCIÓN FÍSICA |
| Extensión |
87 p. : |
| Otros detalles físicos |
il. ; |
| Dimensiones |
26 cm. |
| 505 ## - NOTA DE CONTENIDO |
| Texto normalizado de contenido |
CONTENIDO: --Alfredo Antonio en mi memoria --Fotografías de su niñez --La muerte de Alfredo Antonio y otros hechos de Las Manaclas --Poema póstumo --Ayuntamiento de La Vega declara Hijo meritorio póst-mortem --Pequeña semblanza de Alfredo --Un testimonio revelador de la ingente resistencia a la tiranía --Fotografías de Alfredo y el 14 de Junio --Peralta Michel cuenta muerte de su hermano --Comité organizador realiza actos en La Vega --Fotos en el Museo Memorial de Resistencia --Orgullosamente vivo en la calle Alfredo |
| 590 ## - NOTA LOCAL |
| Texto de la nota local |
Inventariado, 2019 / DG |
| 600 14 - ENCABEZAMIENTO DE MATERIA--NOMBRE PERSONAL |
| Nombre personal |
Peralta Michel, Alfredo Antonio |
| Fechas asociadas con el nombre |
1941-1963 |
| Subdivisión de forma |
Homenajes |
| 650 #4 - ENCABEZAMIENTO DE MATERIA--TEMÁTICO |
| Término temático o nombre geográfico como elemento de entrada |
Resistencia civil |
| Subdivisión geográfica |
Las Manaclas (San José de las Matas, República Dominicana) |
| 651 #4 - ENCABEZAMIENTO DE MATERIA--NOMBRE GEOGRÁFICO |
| Nombre geográfico |
República Dominicana |
| Subdivisión temática general |
Historia |
| Subdivisión cronológica |
Era de Trujillo, 1930-1961 |
| 700 1# - ASIENTO SECUNDARIO -- NOMBRE PERSONAL |
| Nombre personal |
Moya Pons, Frank |
| Títulos u otras palabras asociadas con el nombre |
prólogo |
| 910 ## - VALIDACIÓN |
| Validación |
VMateo V. |
| 942 ## - ADDED ENTRY ELEMENTS (KOHA) |
| Source of classification or shelving scheme |
Dewey Decimal Classification |
| Koha item type |
Libros |